000 00967nam a2200301 a 4500
001 19170
003 BD-RjUL
005 20211209000408.0
008 140223s1939 mdu 000 0 eng d
035 _a(BD-RjUL)19228
035 _a(OCoLC)327105
040 _aDLC
_cWSU
_dSER
_dm.c
_dSER
_dBD-RjUL
_beng
041 _aeng
082 0 4 _221
_a809.933543
_bDEC V-1 1939
100 1 _aDennis, John,
_d1657-1734.
_958975
245 1 4 _aThe critical works of John Dennis /
_cedited by Edward Niles Hooker.
_nVolume I :
_p1692-1711
260 _aBaltimore :
_bJohns Hopkins University Press,
_c1939.
300 _axi, V. ;
_c26 cm
505 _aVol. 1.--V-2. 1711-1729.--
650 0 _aLiterature
_xHistory and criticism.
_958976
650 0 _aCriticism
_958977
700 1 _aHooker, Edward Niles.
_9238658
710 2 _aModern Language Association of America.
_957147
942 _2ddc
_cBK
999 _c19170
_d19170